| 000 | 00357nam a2200121Ia 4500 | ||
|---|---|---|---|
| 008 | 210430s9999 xx 000 0 und d | ||
| 082 | _a628.5 P426 P | ||
| 100 |
_aDonald L Macalady _952822 |
||
| 245 |
_aPerspectives in environmental Chemistry _cDonald L Macalady |
||
| 260 |
_aNew York _bOxford University Press _c1998 |
||
| 300 | _a512p. | ||
| 942 |
_cBK _2ddc |
||
| 999 |
_c562283 _d562283 |
||